000 00873nmm a2200277 a 4500
001 ocm000940826
003 TR-IsHL
005 20201028150011.0
008 150110s2014 tu tur
007 cr cn
020 _a9786054812578
035 _a940826
_b(N$T)
050 0 4 _aBF431
_b.K55 2014
090 0 4 _aBF431
_b.K55 2014
100 1 _aKılıç, Taşkın
245 1 0 _aYaşamını bilgelikle taçlandır
_h[electronic resource] /
_cTaşkın Kılıç ; editör Melis Yağmur
260 _aİstanbul :
_bAZ Kitap,
_c2014
300 _a257 p.
650 4 _aDil ve Edebiyat
650 4 _aLanguage and Literature
650 0 _aBilgelik
650 0 _aWisdom
650 7 _aSELF-HELP / Personal Growth / General
_2bisacsh
700 1 _aYağmur, Melis
856 4 0 _uhttp://search.ebscohost.com/login.aspx?direct=true&scope=site&db=e011xww&AN=940826
999 _c10242
_d10242